| 000 | 00440nam a22001457a 4500 | ||
|---|---|---|---|
| 008 | 150904b xxu||||| |||| 00| 0 eng d | ||
| 020 | _a9789982808507 | ||
| 050 | _aHC517.Z3.B992 | ||
| 100 |
_aBwalya, Obine _919328 |
||
| 245 |
_aAcross the Brics _bpositioning the nation _cObine Bwalya |
||
| 260 |
_aLusaka _bSweeza Publishers _c2012 |
||
| 300 |
_ax, 96p. ; _c20cm. |
||
| 650 |
_aEconomic condition _zZambia _919329 |
||
| 942 |
_2lcc _cMONOGRAPH |
||
| 999 |
_c123239 _d123239 |
||